| Tag |
First Indicator |
Second Indicator |
Subfields |
| LEADER |
00000cam a2200000 4500 |
| 001 |
in00001727321 |
| 005 |
20151024222755.0 |
| 008 |
710721s1954 gw 000 0 ger |
| 016 |
7 |
|
|a 1273136
|2 DNLM
|
| 029 |
0 |
|
|a NLM
|b 1273136
|
| 035 |
|
|
|a (OCoLC)ocm09003038
|
| 040 |
|
|
|a NLM
|c NLM
|d SOI
|d OCLCQ
|d TXA
|d UtOrBLW
|
| 049 |
|
|
|a TXAM
|
| 060 |
1 |
0 |
|a PG 9593
|b L223L
|
| 090 |
|
|
|a PG9593
|b .L36 1954
|
| 092 |
|
|
|a 491.991
|b L223ℓ
|
| 100 |
1 |
|
|a Lambertz, Max.
|
| 245 |
1 |
0 |
|a Lehrgang des Albanischen.
|
| 264 |
|
1 |
|a Berlin :
|b Deutscher Verlag der Wissenschaften,
|c 1954-
|
| 300 |
|
|
|a volumes
|
| 336 |
|
|
|a text
|b txt
|2 rdacontent
|
| 337 |
|
|
|a unmediated
|b n
|2 rdamedia
|
| 338 |
|
|
|a volume
|b nc
|2 rdacarrier
|
| 650 |
|
0 |
|a Albanian language
|v Dictionaries
|x German.
|
| 650 |
|
0 |
|a Albanian language
|x Grammar.
|
| 650 |
|
0 |
|a Albanian language
|x Readers.
|
| 948 |
|
|
|a cataloged
|b h
|c 2003/3/24
|d c
|e spoltoratski
|f 9:57:08 am
|
| 949 |
|
|
|a updated
|b h
|c 2003/3/24
|e spoltoratski
|f 9:57:12 am
|
| 994 |
|
|
|a E0
|b TXA
|
| 999 |
|
|
|a MARS
|
| 999 |
f |
f |
|s e4582712-e0a7-385a-ab99-186c046b9f05
|i 92bfabd2-993a-3a47-9f08-ca94f52b14d7
|t 0
|
| 952 |
f |
f |
|p ric
|a Texas A&M University
|b Rellis Campus
|c Joint Library Facility
|d Remote Storage
|t 0
|e PG9593 .L36 1954
|h Library of Congress classification
|i unmediated -- volume
|k t.2
|m A14829828684
|
| 952 |
f |
f |
|p ric
|a Texas A&M University
|b Rellis Campus
|c Joint Library Facility
|d Remote Storage
|t 0
|e PG9593 .L36 1954
|h Library of Congress classification
|i unmediated -- volume
|k t.3
|m A14829828642
|
| 952 |
f |
f |
|p ric
|a Texas A&M University
|b Rellis Campus
|c Joint Library Facility
|d Remote Storage
|t 0
|e PG9593 .L36 1954
|h Library of Congress classification
|i unmediated -- volume
|k t.1
|m A14829828757
|
| 998 |
f |
f |
|a PG9593 .L36 1954
|s t.1-t.3
|t 0
|l Remote Storage
|